| 000 | 00473pab a2200169 454500 | ||
|---|---|---|---|
| 008 | 180718b2002 xxu||||| |||| 00| 0 eng d | ||
| 100 | _aDeshpande, G.P. | ||
| 245 | _aWar of words : but real conflict is not a possibility | ||
| 260 | _c2002 | ||
| 300 | _ap.10. | ||
| 362 | _a3 Jan | ||
| 650 | _aInternational organisation | ||
| 650 | _aSouth Asia Association of Regional cooperation | ||
| 650 | _aInternational relations | ||
| 773 | _aTimes of India | ||
| 909 | _a52727 | ||
| 999 |
_c52727 _d52727 |
||